00677nam a2200145 a 4500041001200000082001200012100007200024245018000096260006600276300001400342536004600356650005200402650005100454650002600505 aEnglish aRS.08291 aSapkale, Jagdish BhagwatuShivaji UniversityvKolhapur, Maharashtra 4aThe socio-economic and environmental effect of Chandoli (Warna) Dam and the problem of displaced people :bA case study of Warna basin, Maharashtra / cJagdish Bhagwat Sapkale aNew Delhi :bIndian Council oF Social Science Research,c2016 aix, 218p. aIndian Council of Social Science Research aSocial and Economic AspectszIndiazMaharashtra aSocio-economic conditions-Chandoli (Warna) Dam aEnvironmental effects